| 000 | 03067nam2a22004091 4500 | ||
|---|---|---|---|
| 001 | rc\494918 | ||
| 005 | 20250621165657.0 | ||
| 010 |
_a5-280-00859-1 _9100000 |
||
| 035 | _a(NLR Aleph) 005817315 | ||
| 090 |
_a5443632 _c5443632 |
||
| 100 | _a20030616d1989 |||y0rusy50 ca | ||
| 101 | 0 | _arus | |
| 102 | _aRU | ||
| 105 | _ay ||||||||| | ||
| 200 | 1 | _aИсторическая и автобиографическая проза | |
| 210 |
_d1989 _aБ. м. |
||
| 215 | _a557, [2] с. | ||
| 327 | 1 | _aСодерж.: Лики на заре: Ист. повести: Сказание об Ольге; Сказание о Феодосии; Феодорец Белый Клобучок; Кто умирает; Смута: Мозаики: Голод; Гибель династии; Черный день Василия Шуйского; Болотников. Каравай на столе; Марина. Кому набольший кусок; Из американских встреч; Из письма; Из запасников памяти; О моей жизни, книгах и читателях | |
| 461 | 0 |
_1001rc\494913 _12001#$aСобрание сочинений$eВ 5 т.$fВера Панова$gРедкол.: С.А. Баруздин и др.$g[Вступ. ст., с. 5-26, и примеч. А. Нинова]$vТ. 5 _1700#1$aПанова$bВ.Ф.$gВера Федоровна$f1905-1973 _95443584 _aПанова, В.Ф. (1905-1973) _cЛ. _d1987- _fВера Панова _nХудож. лит. Ленингр. отд-ние _oВ 5 т. _tСобрание сочинений _y5280001473 _vТ. 5 |
|
| 464 | 0 |
_12001#$aСказание об Ольге _tСказание об Ольге |
|
| 464 | 0 |
_12001#$aСказание о Феодосии _tСказание о Феодосии |
|
| 464 | 0 |
_12001#$aФеодорец Белый Клобучок _tФеодорец Белый Клобучок |
|
| 464 | 0 |
_12001#$aКто умирает _tКто умирает |
|
| 464 | 0 |
_12001#$aСмута: Мозаики: Голод _tСмута: Мозаики: Голод |
|
| 464 | 0 |
_12001#$aГибель династии _tГибель династии |
|
| 464 | 0 |
_12001#$aЧерный день Василия Шуйского _tЧерный день Василия Шуйского |
|
| 464 | 0 |
_12001#$aБолотников. Каравай на столе _tБолотников. Каравай на столе |
|
| 464 | 0 |
_12001#$aМарина. Кому набольший кусок _tМарина. Кому набольший кусок |
|
| 464 | 0 |
_12001#$aИз американских встреч _tИз американских встреч |
|
| 464 | 0 |
_12001#$aИз письма _tИз письма |
|
| 464 | 0 |
_12001#$aИз запасников памяти _tИз запасников памяти |
|
| 464 | 0 |
_12001#$aО моей жизни, книгах и читателях _tО моей жизни, книгах и читателях |
|
| 801 | 0 |
_aRU _bNLR _gpsbo |
|
| 801 | 1 |
_aRU _bELAR _2rusmarc |
|
| 852 |
_aNLR _j87-3/8478 |
||
| 942 | _cBOOK | ||
| 980 | _aNB | ||